000
00270nam a22001217a 4500
008
180921b xxu||||| |||| 00| 0 eng d
041
_a
eng
080
_a
701
100
_a
45
101
_a
ART
245
_a
Art, Affluence and Alienation
_c
McMullen, R
942
_2
udc
_c
BK
999
_c
48224
_d
48224